| 000 | 00785nam a2200217Ia 4500 | ||
|---|---|---|---|
| 003 | OSt | ||
| 005 | 20210929135357.0 | ||
| 008 | 210310s1993 ck gr 000 0 spa d | ||
| 040 |
_aCO-JMCR _cCO-JMCR |
||
| 041 | 0 | _aspa | |
| 082 | 0 | 4 |
_a338.02861 / _bC695l _223 |
| 110 | 1 |
_aColfondos _940860 |
|
| 245 | 1 | 0 |
_aLey 100 de 1993 / _cColfondos |
| 260 |
_aBogotá : _bColfondos, _c1993. |
||
| 300 |
_a152 páginas ; _c22 cm. |
||
| 505 | 0 | _aSistema general de pensiones. -- El sistema general de seguridad. -- Sistema general de riesgos profesionales. -- Servicios sociales complementarios. | |
| 650 | 1 | 4 |
_aSeguridad social _xLey _zColombia _940861 |
| 650 | 2 | 4 |
_zRegimen de ahorro individual _aColombia _940862 |
| 650 | 2 | 4 |
_aSistema general _xPensiones _z Colombia _940863 |
| 942 |
_2ddc _cBK |
||
| 999 |
_c12537 _d12537 |
||